000 00348pab a2200145 454500
008 180718b2000 xxu||||| |||| 00| 0 eng d
100 _aAbdulla, V.K.
245 _aTribal custom that helps rural development
260 _c2000
300 _ap.20-22
362 _aAug
650 _aRural development
773 _aSocial Welfare
909 _a45659
999 _c45659
_d45659